[Event "Olympiad-34"]
[Site "Istanbul"]
[Date "2000.10.31"]
[Round "4.1"]
[White "Stefansson, Hannes"]
[Black "Kasimdzhanov, Rustam"]
[Result "0-1"]
[WhiteElo "2557"]
[BlackElo "2690"]
[Annotator "Finkel,A"]
[PlyCount "58"]
[EventDate "2000.10.28"]
[EventType "team-swiss"]
[EventRounds "14"]
[EventCountry "TUR"]
[SourceTitle "EXT 2001"]
[Source "ChessBase"]
[SourceDate "2000.11.22"]
[SourceVersion "1"]
[SourceVersionDate "2000.11.22"]
[SourceQuality "1"]
[WhiteTeam "Iceland"]
[BlackTeam "Uzbekistan"]
[WhiteTeamCountry "ISL"]
[BlackTeamCountry "UZB"]

1. e4 d6 2. d4 Nf6 3. Nc3 g6 4. Be3 Bg7 5. Qd2 c6 6. Bh6 Bxh6 7. Qxh6 e5 (7...
Qa5 8. Bd3 (8. Qd2 O-O 9. Nge2 Nbd7 10. Ng3 c5 11. d5 Rb8 12. Bb5 a6 13. Bxd7
Bxd7 14. h4 b5 15. h5 b4 $132 {Gomez Esteban,J-Gual,A/ESP-ch 1998}) 8... c5 (
8... b5 9. Nf3 b4 10. Ne2 Bg4 11. Nd2 Bxe2 12. Kxe2 Nbd7 13. Rhd1 Qh5+ 14. Qxh5
Nxh5 15. a3 $14 {Izeta Txabarri,F-Martinez,F/Oviedo rapid 1993}) 9. Nge2 cxd4
10. Nxd4 Qb6 (10... Nc6 11. Nb3 Qb6 12. Nd5 Nxd5 13. Qg7 Rf8 14. exd5 Ne5 $132
{Bunzmann,D-Nikolic,P/Bundesliga 1999-2000}) 11. O-O-O Nc6 12. Nxc6 (12. Bb5
Bd7 13. Qe3 e5 14. Qg5 Ng4 15. Nxc6 bxc6 16. Rxd6 f6 17. Rxf6 O-O-O 18. Rxc6+
Bxc6 19. Qxg4+ $16 {Antal,G-Zimmerman,Y/FSIMA June 2000}) 12... bxc6 13. e5
dxe5 14. Ne4 Be6 15. Qg7 O-O-O 16. Nxf6 exf6 17. Qxf6 $14 {Jansa,V-Hoffmann,H/
BL2-O9697}) 8. O-O-O (8. dxe5 dxe5 9. Nf3 Qe7 10. Bc4 b5 11. Bb3 Be6 12. O-O
Nbd7 13. Bxe6 {1/2-1/2 Gamback,B-Pirttimaki,T/2nd ShakkiNet IM 2000}) 8... Qe7
9. f3 (9. Nf3 Bg4 10. Be2 Nbd7 11. h3 Bxf3 12. Bxf3 exd4 13. Rxd4 O-O-O 14.
Rhd1 $14) 9... b5 10. Kb1 $5 a6 11. g4 Nbd7 12. Nge2 Bb7 13. Qe3 $6 {A
desicion which I can't understand:instead of developing the initiative with} (
13. g5 Nh5 14. Bh3 O-O-O 15. Bg4 f6 16. Bxh5 gxh5 17. gxf6 Nxf6 18. Ng3 $14 {
white decides to come back with the queen and very soon finds himself on
defensive.}) 13... O-O-O 14. g5 Nh5 15. Bh3 Kb8 16. Bxd7 $6 (16. Bg4 f6 (16...
Ng7 17. f4 f5 $1)) 16... Rxd7 17. a4 exd4 18. Qxd4 (18. Nxd4) 18... Re8 19. h4
f6 20. Rhg1 Rf8 21. axb5 axb5 22. Qe3 $6 {Second time in the game white queen
comes to e3 and second time this move turns to be a mistake!} (22. Rd3 $1)
22... Rdd8 $1 23. Rd3 b4 24. Na4 c5 {[%csl Ra4][%cal Gf6f5]} 25. Nb6 f5 26. Nd5
Qe5 $17 27. c3 (27. Rgd1 Rfe8 {[%cal Ge8e3]}) 27... Rfe8 28. Rgd1 fxe4 29. f4 (
29. fxe4 Qxe4 30. Qxe4 Rxe4 {[%cal Ge4e2,Ge4h4]} 31. Ng3 Nxg3 32. Rxg3 Bxd5 33.
Rxd5 Rxh4 $19) 29... Nxf4 $1 0-1

[Event "Steinitz Memorial-A 1st"]
[Site "Prague"]
[Date "2000.12.29"]
[Round "4"]
[White "Santo Roman, Marc"]
[Black "Pribyl, Martin"]
[Result "1-0"]
[WhiteElo "2418"]
[BlackElo "2331"]
[Annotator "Finkel,A"]
[PlyCount "69"]
[EventDate "2000.12.26"]
[EventType "tourn"]
[EventRounds "9"]
[EventCountry "CZE"]
[EventCategory "8"]
[SourceTitle "CBM 081"]
[Source "ChessBase"]
[SourceDate "2001.03.20"]
[SourceVersion "1"]
[SourceVersionDate "2001.03.20"]
[SourceQuality "1"]

{[%mdl 2080]} 1. e4 d6 2. d4 Nf6 3. Nc3 g6 4. Bg5 Bg7 5. Qd2 h6 6. Bh4 Nbd7 7.
f4 c5 8. Nf3 {Usually white advances a pawn in order not to permit black to
open the center, but in the following game white deviates from traditional
approuch and gets very comfotable position.} (8. d5 a6 (8... Qb6 9. Rb1 Nh5 10.
Nge2 O-O 11. g4 g5 $1 12. fxg5 Ne5 13. Bg2 hxg5 14. Qxg5 Bxg4 $132 {Onischuk,
A-Ponomariov,R/Donetzk zt 1998}) (8... Qa5 9. Nf3 Qb4 10. Bd3 c4 11. Be2 Qxb2
12. O-O Ng4 13. Nd4 $14 {Shabalov,A-Smirin,I/World op 1997}) 9. Nf3 b5 (9... g5
$5 10. fxg5 hxg5 11. Bxg5 b5 12. a3 b4 13. axb4 cxb4 14. Bxf6 Nxf6 15. Na4 Nxe4
16. Qxb4 Bf5 $44 {Gofshtein,L-Chernin,A/Corsican Open 1998}) 10. e5 b4 11. Na4
dxe5 12. fxe5 Ng4 13. e6 fxe6 14. dxe6 Nde5 15. Qxd8+ Kxd8 16. O-O-O+ $16 {
Dreev,A-Beim,V/Frankfurt Ordix op 2000}) 8... a6 9. O-O-O cxd4 10. Qxd4 $5 Qb6
$6 (10... O-O $5 11. e5 Ng4 12. Nd5 dxe5 13. fxe5 Ngxe5 14. Nxe5 Bxe5 15. Nxe7+
Kh7 16. Qe3 Qb6 17. Qxb6 Nxb6 $11) 11. Bf2 Qxd4 (11... Qc6 12. h3 O-O 13. e5
dxe5 14. fxe5 Ne8 15. Nd5 Qe6 16. Bg3 $14) 12. Bxd4 O-O 13. e5 {This position
turns out to be very promising for white ad after another accuracy of black
white fully dominates the board.} dxe5 14. fxe5 Ng4 15. Re1 {[%csl Rg4]} f6 $2
(15... h5 16. e6 (16. h3 Nh6 17. g4 hxg4 18. hxg4 Nb8 19. Nd5 Nc6 $13) (16. Nd5
$6 e6 17. Ne7+ Kh8 18. h3 Nh6 19. g4 Re8 20. Nxc8 Raxc8 21. gxh5 gxh5 $132)
16... fxe6 (16... Ndf6 $2 17. exf7+ Rxf7 18. Bc4 e6 19. h3 Nh6 20. Ng5 $18) 17.
Bxg7 Kxg7 18. Rxe6 Rf7 19. Bd3 Ndf6 20. Re2 $14) 16. e6 Nde5 17. Nd5 Nc6 (17...
Bxe6 18. Nc7 $16 {[%cal Gc7e6,Gc7a8]}) 18. Bb6 $1 {[%csl Ra8,Rc8]} f5 19. Bc4
Nf6 20. Nxf6+ Bxf6 21. h4 $1 {Black simply can't move and every attempt to
breakthrough only makes things worse.} g5 $6 22. hxg5 hxg5 23. Rh5 $1 {[%csl
Rf5,Rg5]} g4 24. Nh4 Ne5 (24... Bxh4 25. Rxh4 Kg7 26. Be3 $1 (26. Reh1 Kf6 27.
Bc7 $16) 26... Kf6 {[%csl Rf6]} 27. Bd2 $1 {[%cal Gd2c3]} Rd8 28. Rh6+ Kg7 29.
Reh1 $18) 25. Bd5 $18 a5 26. Bd4 $1 Nd3+ (26... Nc6 27. Bxf6 Rxf6 28. Nxf5 $18)
27. cxd3 Bxd4 28. Rg5+ Bg7 (28... Kh7 29. Nxf5 $18 {[%cal Ge1h1]}) 29. Nxf5
Rxf5 30. Rxf5 Ra6 31. Re4 Rd6 32. Rxg4 Rxd5 33. Rxd5 Bxe6 34. Rxg7+ Kxg7 35.
Rxa5 1-0

[Event "FIDE-Wch k.o."]
[Site "Tripoli"]
[Date "2004.06.22"]
[Round "2.2"]
[White "Lastin, Alexander"]
[Black "Azmaiparashvili, Zurab"]
[Result "0-1"]
[WhiteElo "2622"]
[BlackElo "2679"]
[Annotator "Finkel,A"]
[PlyCount "106"]
[EventDate "2004.06.19"]
[EventType "k.o."]
[EventRounds "7"]
[EventCountry "LBY"]
[SourceTitle "CBM 102"]
[Source "ChessBase"]
[SourceDate "2004.09.23"]
[SourceVersion "1"]
[SourceVersionDate "2004.09.23"]
[SourceQuality "1"]

1. e4 d6 2. d4 Nf6 3. Nc3 Nbd7 4. g4 {The most ambitious way to meet black's
set up.} h6 5. Be3 (5. Nf3 e5 (5... Nxg4 $6 6. h3 $5 (6. Rg1 Nb6 7. d5 Bd7)
6... Ngf6 7. e5 Nh7 8. e6 Nb6 9. d5 $36) 6. g5 hxg5 7. Nxg5 exd4 8. Qxd4 $14) (
5. g5 hxg5 6. Bxg5 e5 7. Qd2 $5 (7. Nf3 Be7 8. Qd2 c6 9. O-O-O Qa5 10. dxe5
dxe5 11. Nh4 Nc5 12. f3 g6 13. Bc4 Ne6 $132 {1/2-1/2 De Wit,M-Verduyn,BEL 2001}
) 7... c6 8. f4 Be7 (8... exd4 9. Qxd4 d5 10. e5 Bc5 11. Qd2 Bxg1 12. Rxg1 Qb6
13. exf6 gxf6 14. Rg2 fxg5 15. O-O-O $36) 9. Nf3 exf4 10. Rg1 Nh5 11. O-O-O
Ndf6 12. e5 dxe5 13. Nxe5 Be6 $44 {Vallin,G-Ivanov,M 2001}) (5. h3 $5 e5 6.
Nge2 c6 7. a4 Be7 8. Bg2 O-O 9. O-O Re8 10. Be3 Nh7 11. f4 exf4 12. Bxf4 $36 {
Shengelia,D-Chibukhchian,A2001}) (5. Bg2 e5 6. h3 Be7 7. Nge2 c6 8. Ng3 g6 9.
Be3 Qa5 10. Qd2 $14 {Moncamp,G-Franc,N/2001}) 5... e5 6. h3 ({.} 6. d5 Be7 7.
f3 Nh7 8. Nge2 Ndf8 9. Ng3 Bg5 10. Qd2 Bxe3 11. Qxe3 Qg5 12. Qf2 Ng6 $132 {
Tabak,S-Verduyn,F 2001}) 6... a6 (6... c6 7. a4 (7. Nge2 b5 8. Bg2 (8. a3 Bb7
9. Ng3 a5 10. d5 b4 11. dxc6 Bxc6 12. Nd5 Qb8 13. a4 $14 {0-1 Dgebuadze,
A-Belkhodja, 2001}) 8... Bb7 9. a3 a5 10. d5 b4 11. dxc6 Bxc6 12. Nd5 $14 {
Hector,J-Bauer,C/Leon 2001}) (7. Qd2 b5 8. Bg2 Bb7 9. Nge2 b4 10. Nd1 d5 11.
exd5 Nxd5 12. dxe5 Nxe5 13. Bd4 Ng6 14. Ne3 $14 {Rogic,D-Jovanovic,Z/Pula 2003}
) 7... Be7 (7... d5 $5 8. dxe5 $6 Nxe4 9. Nxe4 dxe4 10. Bd4 Bc5 11. Bg2 Bxd4
12. Qxd4 Qa5+ 13. b4 Qxe5 14. Qxe5+ Nxe5 $15 {Lomineishvili,M-Gelashvili,T/
Batumi 2001}) 8. Nge2 Nf8 9. f4 Ne6 10. f5 Ng5 11. Bg2 b6 12. Ng3 $16 {
Kasimdzhanov,R-Petrov,J/Halle 1995}) 7. a4 b6 8. Bg2 Bb7 9. Nge2 Be7 10. O-O (
10. f4 c5 11. dxe5 dxe5 12. O-O c4 (12... O-O 13. g5 hxg5 14. fxg5 Ne8 15. h4
$14) 13. Ng3 O-O $13) 10... h5 11. g5 Nh7 12. h4 Nhf8 13. f4 {It's cleat that
white has won an opening battle. Black is doomed to passive defense till the
end of the game.} Ng6 14. Qe1 exf4 15. Nxf4 Nxf4 16. Rxf4 (16. Bxf4 O-O 17. Nd5
Re8 18. Qg3 $16) 16... O-O 17. Qf2 Qe8 18. Rf1 (18. a5 $5 b5 19. Rf1 c5 20. Bh3
cxd4 $140 $6 21. Bxd4 Ne5 22. Bxe5 dxe5 23. Rxf7 Qxf7 24. Qxf7+ Rxf7 25. Be6
$16) 18... c5 19. Bh3 $16 {Threatening to take on f7 followed by Be6.} (19. Nd5
Bxd5 20. exd5 cxd4 21. Bxd4 Bd8 22. Bh3 $16) 19... cxd4 20. Bxd4 Ne5 {Black is
forced to give up a pawn not to lose on the spot.} 21. Qe2 g6 22. Bxb6 Kg7 23.
Bd4 f6 24. gxf6+ (24. Nd5 Bxd5 25. exd5 Qd8 26. Be6 $18) 24... Bxf6 25. Qf2 Qe7
26. Nd5 Bxd5 27. exd5 Rab8 28. Bc3 Rb7 29. Be6 a5 30. Kg2 Rc7 31. Bd4 (31. Bxa5
Bxh4 32. Qxh4 Rxc2+ 33. Kh3 Qxh4+ 34. Kxh4 g5+ 35. Kxg5 Rg2+ 36. Bg4 Rxf4 37.
Rxf4 $18) 31... Rb7 32. Bc3 Rc7 33. Qe2 Nd7 34. Bxf6+ $6 (34. Bxa5) 34... Rxf6
35. Rxf6 Nxf6 36. Qd3 Rb7 37. b3 Rb8 38. Qc3 $6 (38. Rf3 $1 $18 {[%csl Rg6]
[%cal Gf3g3]}) 38... Rb4 39. Kh3 Re4 $1 40. Qg3 (40. Rf3 $5) 40... Re5 41. Qf4
Re4 42. Qf2 Qd8 43. c4 Nh7 $5 $132 {[%cal Gg6g5]} 44. Qb2+ (44. Qg3 Kh6 45. Rf7
Qb6 46. Kg2 Qd4 $132) 44... Kh6 45. Qd2+ g5 46. hxg5+ Qxg5 47. Qxg5+ Nxg5+ 48.
Kg2 Re2+ 49. Kg1 $6 (49. Rf2 Rxf2+ 50. Kxf2 Ne4+ 51. Ke3 Nc5 52. Kf4 Nxb3 (
52... Kg6 53. Bf5+ Kf6 54. Bc2) 53. Kf5 Nc5 54. Kf6 Nxa4 55. Ke7 Nb6 56. Kxd6
Nxc4+ 57. Kc5 Ne5 $11) 49... Ne4 50. b4 $6 (50. Bh3) 50... axb4 51. Rb1 Kg5 52.
Bh3 (52. Rxb4 Kf4 53. Rb3 Nd2) 52... Nd2 $19 53. Rxb4 Kh4 0-1

[Event "EU-ch 2nd"]
[Site "Ohrid"]
[Date "2001.06.03"]
[Round "3"]
[White "Azarov, Sergei Nikolaevich"]
[Black "Miles, Anthony John"]
[Result "1-0"]
[WhiteElo "2452"]
[BlackElo "2562"]
[Annotator "Finkel,A"]
[PlyCount "91"]
[EventDate "2001.06.01"]
[EventType "swiss"]
[EventRounds "13"]
[EventCountry "YUG"]
[SourceTitle "CBM 084"]
[Source "ChessBase"]
[SourceDate "2001.09.13"]
[SourceVersion "1"]
[SourceVersionDate "2001.09.13"]
[SourceQuality "1"]

1. e4 d6 2. d4 Nf6 3. Nc3 c6 4. Nf3 Bg4 5. h3 Bh5 6. Be2 e6 7. Bg5 (7. d5 Bxf3
8. Bxf3 cxd5 9. exd5 e5 10. g4 h6 11. h4 g6 12. Be3 a6 13. Qd2 Nbd7 14. O-O-O
$14 {Mohr,G-Nevednichy,V/Manila 1992}) 7... Be7 (7... h6 8. Be3 d5 9. e5 Nfd7
10. Nd2 Bxe2 11. Nxe2 c5 12. c3 Nc6 13. O-O b5 14. Nf4 $14 {Lalic,S-King,D/
London 1988/EXT 98}) 8. Qd2 (8. e5 Bxf3 9. Bxf3 dxe5 10. dxe5 Nfd7 11. Bxe7
Qxe7 12. Qd4 Qc5 13. Qxc5 Nxc5 14. O-O-O $14 {Mok Tze Meng-Mokry,K/Yerevan
1996/EXT 97}) (8. O-O O-O (8... Bxf3 9. Bxf3 d5 10. e5 Nfd7 11. Bxe7 Qxe7 12.
Bh5 b5 13. f4 g6 14. Bf3 a6 15. Ne2 $14 {Tkachov,A-Vinitsky,I/Kiev 1998/EXT
2000 (37)}) 9. e5 dxe5 10. dxe5 Nd5 11. Nxd5 cxd5 12. Bxe7 Qxe7 13. Nd4 $11 {
Zahariev,Z-Grbachkov,A/Sofia 1992/EXT 98}) 8... Bg6 (8... O-O 9. O-O-O d5 10.
e5 Nfd7 11. Bxe7 Qxe7 12. g4 Bg6 13. h4 h6 14. h5 Bh7 15. g5 $16 {Zarubica,
L-Decsey,K/Herculane 1994/TD}) 9. e5 Ne4 (9... dxe5 $5 10. Nxe5 (10. dxe5 Qxd2+
11. Nxd2 Nd5 12. Nxd5 cxd5 13. Bxe7 Kxe7 14. c3 Nc6 15. f4 Rhd8 $11) 10... Nbd7
11. Nxg6 hxg6 12. O-O-O Qa5 13. Kb1 O-O-O 14. Rhe1 $14) 10. Nxe4 Bxe4 11. Bxe7
Qxe7 12. O-O-O d5 $6 (12... Bxf3 13. exd6 (13. Bxf3 dxe5 14. dxe5 Nd7 15. Qe3
O-O-O $5 16. Rd6 (16. Rd2 Nb6 17. Rhd1 Rxd2 18. Qxd2 Rd8 19. Qxd8+ Qxd8 20.
Rxd8+ Kxd8 $11) 16... f6 $1 {[%csl Rd6]} 17. Qxa7 Nxe5 18. Rxd8+ Rxd8 $132)
13... Qxd6 14. Bxf3 Nd7 15. Rhe1 O-O-O 16. Qe3 $14) 13. Ng5 $1 $14 Bg6 (13...
Bxg2 $6 14. Rhg1 h6 $8 (14... Be4 15. Nxe4 dxe4 16. Rxg7 $16) 15. Nxe6 $1 Qxe6
16. Rxg2 g6 17. Bg4 $16) 14. f4 h6 15. Nf3 c5 $6 ({I know that it's very
difficult to make sch a move in the game, but I think that it was best option
for black to play 15....Be4 hoping to get rid of the knight or at least to
make it come to passive position.} 15... Be4 $5) 16. dxc5 Qxc5 17. Nd4 {
[%csl Gd4]} Nc6 18. Bb5 $1 {In this kind of positions knight is much stronger
than bishop, so white is absolutely right keeping his knight in the game.}
O-O-O ({Very dangerous is} 18... O-O 19. Bxc6 bxc6 20. g4 Be4 21. Rhg1 Rab8 22.
f5 $36 {[%cal Gg4g5] and white attack is not so easy to stop!}) 19. Bxc6 bxc6
20. Nb3 Qc4 21. Qf2 $1 {[%csl Ra7][%cal Gd1d4] Dark squares in black's camp
are weak and white reminds black about it!} d4 $8 22. Nxd4 (22. Rd2 $6 c5 23.
Rhd1 Rd5 24. g4 Rhd8 25. f5 Bh7 {is far from being clear}) 22... Qxa2 23. Nb3
Be4 {[%cal Ge4d5]} 24. Qc5 Bxg2 $6 (24... Bd5 $5 25. Rhe1 Qa6 26. Kb1 Qb6 $132)
25. Rhg1 Bf3 (25... Bd5 26. Rxg7 $14) 26. Rd6 $1 Qa6 (26... Rxd6 27. exd6 Qa6
28. Qc3 $1 Bd5 29. d7+ $1 $16) 27. Kb1 g6 $6 (27... Qb6 28. Rxg7 Qxc5 29. Nxc5
Rxd6 30. exd6 Bh5 31. b4 Bg6 (31... Rd8 32. d7+ Kc7 33. Rh7 $16) 32. Kb2 Rd8
33. d7+ Kc7 34. Kc3 $14 {[%cal Gc3f6]}) 28. Nd2 $1 {[%csl Rf3]} Rxd6 29. exd6
Bh5 $8 (29... Bd5 30. c4 $18) 30. Nc4 $16 {[%csl Ra6,Rh5,Rh8]} Rd8 31. Re1 {
[%cal Ge1e3,Ge3a3] With lethal threat Re3-a3.} Rd7 $5 {Otherwise black is
unable to defend} 32. Ne5 Qb6 33. Nxd7 Kxd7 34. b4 $1 {[%cal Ge1e3,Ge3a3]
Black is still helpless against Re3-a3} Bf3 35. Re3 Bd5 36. Ra3 Qxc5 37. bxc5
g5 38. Rxa7+ Ke8 39. fxg5 hxg5 40. Kc1 {The endgame is easily winning for
white, because black is actually playing without the king.} Bg2 41. Rc7 f5 42.
Kd2 Kd8 43. Rg7 Bxh3 44. Rxg5 e5 45. Rg7 Bg4 46. Re7 {[%cal Gd2f4,Gf4e5]} 1-0

[Event "ROM-chT"]
[Site "Eforie Nord"]
[Date "2000.12.18"]
[Round "1"]
[White "Fedorov, Alexei"]
[Black "Negulescu, Adrian"]
[Result "1-0"]
[WhiteElo "2646"]
[BlackElo "2510"]
[Annotator "Finkel,A"]
[PlyCount "102"]
[EventDate "2000.12.18"]
[EventType "team"]
[EventRounds "5"]
[EventCountry "ROU"]
[SourceTitle "CBM 081"]
[Source "ChessBase"]
[SourceDate "2001.03.20"]
[SourceVersion "1"]
[SourceVersionDate "2001.03.20"]
[SourceQuality "1"]
[WhiteTeam "Bucharest RGA"]
[BlackTeam "Brasov Dinamo"]
[WhiteTeamCountry "ROU"]
[BlackTeamCountry "ROU"]

{[%mdl 4128]} 1. e4 g6 2. d4 Bg7 3. c3 d6 4. Nf3 Nf6 5. Bd3 O-O 6. O-O Nc6 7.
h3 e5 8. Re1 Re8 (8... Nh5 9. Be3 Bd7 (9... h6 10. Nbd2 (10. Na3 a6 11. Nc4 Qf6
12. Bf1 Nf4 13. Kh2 g5 14. d5 Ne7 15. g3 Nxh3 16. Bxh3 $14 {Komarov,D-Bauer,C/
FRA-chT 1995}) 10... Qf6 (10... Qe8 11. dxe5 dxe5 12. Bc5 Ne7 13. Qb3 b6 14.
Bb5 Bd7 15. Bxe7 Qxe7 16. Bxd7 Qxd7 17. Nc4 $14 {Godena,M-Habibi,A/9th Ticino
Open 1999}) 11. Bf1 Nf4 12. Kh2 g5 13. g3 Ng6 {1/2-1/2 Sedina,E-Badea,B/Open
1998}) (9... Kh8 10. Na3 Qe7 11. Rc1 b6 12. Bb5 Nd8 13. Bf1 Bb7 14. Nd2 Bf6 15.
Nac4 Ne6 16. d5 Nc5 $132 {Proehl,H-Seul,G/Bonn GSK-2 1995}) 10. Nbd2 Kh8 (10...
Kh8 11. Bc2 a6 12. a3 Nf4 13. Bxf4 exf4 14. Nf1 Qe7 15. Qd2 Bh6 16. N1h2 $14 {
Chernin,A-Azmaiparashvili,Z/Moscow PCA qual 1996})) 9. d5 $5 {After this move
arises the kind of position which is typical for King's Indian defence,
however with two major differences, and both of them not in black's favour -
rook on e8 and knight on e7 (in this particular game).} Ne7 {[%csl Re7]} (9...
Nb8 10. c4 Nbd7 11. Nc3 Nc5 12. Bc2 a5 13. Rb1 Bd7 14. a3 $14) 10. c4 c5 11.
Nc3 Nh5 12. Rb1 h6 13. b4 b6 14. bxc5 bxc5 (14... dxc5 $5 15. a4 Bd7 16. a5 Nc8
17. Qb3 Rb8 18. Bd2 Nd6 19. Na4 $14) 15. Bc2 $1 {[%csl Rc6][%cal Gc2a4]
Transferring the bishop to the queenside where it may contribute mostly to
white's plan.} Nf4 16. Ba4 Bd7 17. Kh2 g5 18. Re3 $1 $16 Nc8 19. Bxd7 Qxd7 20.
Qa4 Qxa4 $6 {Without queens black will just have to wait passively till white
will come and get him!} (20... Qd8 21. Qc2 Nb6 22. Ne2 Nxe2 23. Qxe2 Qc8 24.
Nd2 Rb8 25. Reb3 Qa6 $16) 21. Nxa4 Nb6 22. Nxb6 axb6 23. a3 Reb8 (23... Ra4 24.
Nd2 Rb8 25. g3 Ng6 26. Reb3 Ra6 $16) 24. g3 Ng6 25. Reb3 Ra6 26. Nd2 Ne7 27. a4
Rxa4 (27... Bf8 28. a5 Rxa5 29. Rxb6 Rxb6 30. Rxb6 Ra2 31. Bb2 Nc8 32. Rb7 Ra6)
28. Rxb6 Rd8 29. Kg2 {White's plan consists of 3 parts: 1) to transfer the
king to the queenside, 2) to exchange the pair of rooks, 3) to penitrate with
the king.} Bf8 30. Kf3 Ng6 31. Ke2 Rda8 32. Kd3 Ra2 33. Bb2 R2a6 (33... R2a7
34. Bc3 Ra4 35. Kc2 R4a7 36. Rb7 Ra3 37. Rd7 Ra2+ 38. Rb2 R2a6 39. Rbb7 f6 40.
Nf1 $18 {[%cal Gf1e3,Ge3f5]}) 34. Bc3 Be7 35. Rxa6 Rxa6 36. Nf1 Ra2 37. Rb8+
Bf8 38. Bb2 Ne7 39. Ne3 h5 40. Kc2 Ra6 41. Kb3 f6 42. Bc3 Kf7 43. Rb5 $1 Ke8
44. Ba5 $1 Kd7 45. Rb7+ Kc8 (45... Ke8 46. Ka4 Ra8 47. Kb5 Nc8 48. Nf5 $16) 46.
Rc7+ $1 Kb8 47. Rd7 $1 $18 Rxa5 (47... Nc8 48. Bc7+ Ka8 49. Rd8 Kb7 50. Rxf8
$18) 48. Rd8+ Kc7 49. Rxf8 Ra1 50. Rf7 Kd8 51. Rxf6 Ke8 1-0

[Event "FIDE-Wch k.o."]
[Site "Tripoli"]
[Date "2004.06.20"]
[Round "1.2"]
[White "Kacheishvili, Giorgi"]
[Black "Kotronias, Vasilios"]
[Result "0-1"]
[WhiteElo "2600"]
[BlackElo "2607"]
[Annotator "Finkel,A"]
[PlyCount "108"]
[EventDate "2004.06.19"]
[EventType "k.o."]
[EventRounds "7"]
[EventCountry "LBY"]
[SourceTitle "CBM 102"]
[Source "ChessBase"]
[SourceDate "2004.09.23"]
[SourceVersion "1"]
[SourceVersionDate "2004.09.23"]
[SourceQuality "1"]

1. d4 Nf6 2. g3 g6 3. Bg2 Bg7 4. e4 d6 5. Nc3 O-O (5... Nbd7 6. Nge2 c5 7. O-O
cxd4 $5 8. Nxd4 O-O 9. b3 Nc5 10. Bb2 Bd7 11. Re1 a6 12. a4 e5 13. Nf3 Bc6 14.
Nd2 b5 15. axb5 axb5 16. b4 Na6 17. Na2 Qb6 18. c4 Rfd8 19. Qb3 Bh6 $1 $13 {
Rivas Pastor,M-Timman,J/Amsterdam zt 1978}) 6. Nge2 Na6 7. O-O c5 8. h3 (8. e5
$5 dxe5 9. dxe5 Ng4 10. f4 Qxd1 11. Rxd1 Nb4 $13) 8... cxd4 9. Nxd4 Nc5 10. Be3
(10. Re1 $5 a6 (10... Bd7 11. Be3 Qc8 12. Kh2 Na4 13. Nxa4 Bxa4 14. Qd2 Re8 15.
Rac1 Bc6 16. Bh6 Bh8 17. c4 Qc7 18. b4 Red8 19. Qe3 Be8 $14 {Burger,K-Pasman,M/
Beer Sheva 1982/MCD-r8}) 11. a4 e5 12. Nb3 Nxb3 13. cxb3 Be6 14. Be3 Qd7 15.
Kh2 Rad8 16. Re2 Ne8 17. Nd5 f5 18. Bg5 Nf6 19. Rc1 $14 {Khenkin,I-Timman,J/
Tilburg blitz 1994}) (10. f4 $5) 10... Bd7 11. Nb3 {Possible continuation
promising white minimal opening advantage.} (11. Qd2 a6 (11... Rc8 12. Rfe1 a6
13. a4 e5 14. Nde2 Bc6 15. f3 Qd7 $13 {Sepp,O-Gagunashvili,M/Plovdiv 2003}) 12.
a4 e5 13. Nb3 $5 Nxb3 14. cxb3 {[%csl Gd5,Rd6]} Be6 15. b4 Qd7 16. Kh2 $14 {
Van der Weide,K-Thorfinnsson,B/Reykjavik 1998}) (11. a4 Rc8 12. Re1 b6 13. Ra3
Qc7 14. Bg5 a6 15. Bxf6 exf6 16. b4 Ne6 17. Nd5 Qd8 18. c3 Re8 19. a5 b5 20.
Nb6 Rc7 21. h4 Nxd4 22. cxd4 Bc6 {1/2-1/2 Zakharevich,I-Sakaev,K/Petrov mem
1996}) (11. Kh2 $5 Rc8 12. Nb3 $6 b6 13. Qd2 Na4 $1 14. Nxa4 Bxa4 15. Rad1 Qc7
16. c3 $6 Qc4 17. Qc2 Nd7 18. Ra1 Nc5 19. Bxc5 bxc5 $15 {[%csl Ga4,Gg7][%cal
Gb8b2] Moldovan,D-Itkis,B/Ciocaltea mem 1997}) 11... Na4 12. Nxa4 Bxa4 13. Nd4
(13. e5 $5 Nd7 (13... dxe5 14. Bxb7 Rb8 15. Qxd8 Rfxd8 16. Bg2 a6 17. Rfd1 $14)
14. exd6 Bxb2 15. Rb1 Be5 16. dxe7 Qxe7 17. Bxb7 Rad8 18. Qc1 $16 {Nielsen,
J-Burgess,G/Aarhus 1989}) 13... Bd7 (13... e5 14. Ne2 Qc7 15. Nc3 Bc6 16. a4
$14 {Van Es,G-Wiker,B/Denmark 1999}) 14. Qd3 Rc8 15. c4 {After a number of
transformations from one opening to another the character of the position is
finally defined: Marozi bind with a bishop on g2!} Qa5 16. Rfd1 Rfd8 17. a3 a6
18. Rac1 Qc7 19. b3 {Both sides are not ready to commit yet.} (19. b4 Qb8 20.
Kh2 b5 21. cxb5 axb5 22. Nb3 $14) 19... Qb8 20. a4 b6 21. Nc2 a5 22. Bd4 Bc6
23. Ne3 Nd7 24. Nd5 Re8 (24... Bxd5 25. exd5 Bxd4 26. Qxd4 Qc7 27. Rc3 Re8 28.
Re3 $14) 25. Bxg7 Kxg7 26. h4 e6 $5 27. Nc3 (27. Qc3+ f6 28. Ne3 Nc5 29. f3
Rcd8 $13) 27... Nc5 28. Qxd6 Qb7 {Black takes a brave decision to play for a
win, even though the compensation he's got for a pawn is hardly sufficient for
more than equality.} (28... Qxd6 $5 29. Rxd6 Red8 30. e5 Bxg2 31. Kxg2 Rxd6 32.
exd6 Nxb3 33. Rd1 (33. Rb1 Nd2 34. Rxb6 Nxc4 35. Ra6 Nxd6 $17) 33... Nc5 34. f4
Rd8 35. Kf3 h5 $13) 29. Rb1 e5 30. f3 (30. h5 gxh5 (30... Re6 $6 31. h6+ Kxh6
32. Qd2+ Kg7 33. Bh3 Bxe4 34. Bxe6 Nxe6 35. Nxe4 Qxe4 36. Qe3 $16) 31. Qd2 Nxe4
32. Nxe4 Bxe4 33. Qg5+ Kf8 34. Bxe4 Qxe4 35. Qxh5 Rc6 $13) 30... f5 31. exf5
gxf5 32. Qd2 (32. h5 Bxf3 33. h6+ Kg8 34. Bxf3 (34. Nd5 $2 Bxg2 35. Nf6+ Kf7
36. Nxe8 Rxe8 $19) 34... Qxf3 35. Qd5+ Qxd5 36. Nxd5 Re6 $132) 32... Kh8 33.
Nd5 Rg8 34. Kh2 Bxd5 35. cxd5 (35. Qxd5 Qg7 36. g4 Qe7 $1 {[%csl Rd5,Rh4][%cal
Gg8d8]} (36... fxg4 37. fxg4 Qxg4 38. Qxe5+ Rg7 39. Bh3 $16) 37. Qd6 Qxh4+ 38.
Kg1 Rce8 $40) 35... Qg7 36. Qg5 Qf7 37. Qe3 Qf6 38. f4 (38. Qf2 Rg7 39. Bh3
Rcg8 40. Rg1 f4 41. g4 Rd8 $13) 38... exf4 39. Qd4 $4 (39. Qxf4 Rg4 40. Qd2 f4
41. Bh3 Rxg3 (41... fxg3+ $2 42. Kg1 (42. Kg2 Rxh4 43. Qb2 Qxb2+ 44. Rxb2 Rd8
$15) 42... Rxh4 43. Rf1 (43. Bxc8 $2 Qf3 44. Qg2 Qe3+ 45. Kf1 Rh1+ 46. Qxh1
Qf2#) 43... Ne4 44. Rxf6 Nxd2 45. Bxc8 Nxb1 46. d6 Rd4 47. d7 Kg7 48. Re6 $18)
42. Qd4 Rf8 43. d6 $14) 39... fxg3+ 40. Kh3 Rcf8 41. Qxf6+ Rxf6 42. Rd4 (42.
Bf3 f4 43. Kg2 $17) 42... f4 43. Rf1 Rgf8 44. Rf3 Nd7 45. d6 $6 (45. Re4) 45...
Ne5 $19 46. d7 Nxf3 47. d8=Q Ng1+ 48. Kg4 Rg6+ 49. Qg5 Rxg5+ 50. hxg5 f3 51.
Rd1 Ne2 52. Bxf3 Rf4+ 53. Kh5 Rxf3 54. Kh6 Kg8 0-1